000 01345nam a2200325Ia 4500
001 ebr10257545
003 CaPaEBR
006 m u
007 cr cn|||||||||
008 080724s2008 cau sb 001 0 eng d
010 _z 2008032859
020 _z9780470325094 (cloth : alk. paper)
020 _z0470325097 (cloth : alk. paper)
040 _aCaPaEBR
_cCaPaEBR
035 _a(OCoLC)463291758
050 1 4 _aHD30.4
_b.S562 2008eb
100 1 _aSilsbee, Douglas K.
245 1 0 _aPresence-based coaching
_h[electronic resource] :
_bcultivating self-generative leaders through mind, body, and heart /
_cDouglas Silsbee ; foreword by Richard Strozzi-Heckler.
250 _a1st ed.
260 _aSan Francisco, CA :
_bJossey-Bass,
_cc2008.
300 _axvii, 302 p.
504 _aIncludes bibliographical references (p. 277-284) and index.
533 _aElectronic reproduction.
_bPalo Alto, Calif. :
_cebrary,
_d2009.
_nAvailable via World Wide Web.
_nAccess may be limited to ebrary affiliated libraries.
650 0 _aExecutive coaching.
650 0 _aPersonal coaching.
650 0 _aSelf-actualization (Psychology)
655 7 _aElectronic books.
_2local
710 2 _aebrary, Inc.
856 4 0 _uhttp://site.ebrary.com/lib/rucke/Doc?id=10257545
_zAn electronic book accessible through the World Wide Web; click to view
999 _c32006
_d32006